Statistics for Regions of Cameroon with a Map

Click here to take the quiz!

General Stats

  • This quiz has been taken 386 times
  • The average score is 8 of 10

Answers on the Map

Answers color-coded by a green-red scale on the quiz's map according to % correct below.
 

Answer Stats

Region% Correct
North
99%
East
98%
South
98%
West
94%
Centre
92%
North-West
83%
South-West
82%
Far North
73%
Littoral
57%
Adamaoua
54%

Score Distribution

Percentile by Number Answered

Percent of People with Each Score

Your Score History

You have not taken this quiz